000
00271nam a2200109 4500
999
_c
10895
_d
10895
003
OSt
005
20221021140423.0
008
221021b ||||| |||| 00| 0 eng d
245
_a
Indian standards 3 civil engineering
260
_b
Bureau of Indian standards
942
_2
ddc